00449 a2200169 450000100060000002000150000604000220002110000200004324000210006324500160008430000080010036200090010865000260011794200070014395201120015099900170026259094 a8573022051 cAnchieta - Pituba aVentura, Zuenir10aMal secretolpor10aMal secreto a2640 a1998 4aFicção brasileira cBK 00104070a91.1b91.1d2023-11-21l0o869.93 V468m VEN MALp10042/PITr2023-11-21 18:27:00w2023-11-21yBK c59094d59094